Nalaganje...
Physiological aspects of dryland farming
| Glavni avtor: | |
|---|---|
| Format: | Printed Book |
| Jezik: | Undetermined English |
| Izdano: |
Bombay
Oxford and IBH publishing
1975
|
| Teme: |
| LEADER | 00610nam a2200181Ia 4500 | ||
|---|---|---|---|
| 008 | 140306s9999 xx 000 0 und d | ||
| 041 | |a eng | ||
| 082 | |a 630 |b GUP/PH | ||
| 100 | |a Gupta, U S | ||
| 230 | |a Physiological aspects of crop nutrition and resistance | ||
| 245 | |a Physiological aspects of dryland farming | ||
| 260 | |a Bombay |b Oxford and IBH publishing |c 1975 | ||
| 300 | |a 391 | ||
| 365 | |b Rs .97 .75 | ||
| 650 | |a Agriculture | ||
| 942 | |2 ddc |c BK | ||
| 999 | |c 117353 |d 117353 | ||
| 952 | |0 0 |1 0 |2 ddc |4 0 |6 630_000000000000000_GUPPH |7 0 |9 116260 |a KAUHCV |b KAUHCV |d 2002-04-29 |g 97.75 |o 630 GUP/PH |r 2014-03-22 |w 2014-03-22 |y BK | ||